[Event "Sautron op (Women)"]
[Site "Sautron"]
[Date "2013.05.10"]
[Round "6"]
[White "Bernard, Justine"]
[Black "Retailleau, Anne"]
[Result "0-1"]
[WhiteElo "1300"]
[BlackElo "1340"]
[PlyCount "104"]
[EventDate "2013.05.08"]
[EventType "swiss"]
[EventRounds "6"]
[EventCountry "FRA"]
[SourceTitle "EXT 2014"]
[Source "ChessBase"]
[SourceDate "2013.11.20"]
[SourceVersion "1"]
[SourceVersionDate "2013.11.20"]
[SourceQuality "1"]

1. e4 c5 2. Nf3 d6 3. Bc4 Nf6 4. Nc3 Nc6 5. d4 cxd4 6. Nxd4 Nxe4 7. Qf3 Nf6 8. Be3 Nxd4 9. Bxd4 a6 10. a4 e6 11. 0-0 Be7 12. Rfe1 0-0 13. Bd3 Qc7 14. Qg3 Bd7 15. Ne4 e5 16. Be3 Bc6 17. Nxf6+ Bxf6 18. Bg5 Bxg5 19. Qxg5 g6 20. Qh6 Rae8 21. Re3 Re7 22. Rh3 f5 23. b3 Be4 24. Be2 f4 25. Bg4 Rg7 26. f3 Bf5 27. c4 Bxg4 28. fxg4 e4 29. Re1 e3 30. Re2 Qe7 31. Rf3 g5 32. b4 Rf6 33. Qh5 Qe6 34. g3 Rh6 35. Qxh6 Qxh6 36. gxf4 gxf4 37. h3 Qg5 38. a5 h5 39. Kf1 hxg4 40. hxg4 Qxg4 41. Rfxe3 fxe3 42. Rxe3 Qxc4+ 43. Kf2 Rf7+ 44. Kg2 Qxb4 45. Rg3+ Rg7 46. Kf3 Rxg3+ 47. Kxg3 Qxa5 48. Kf4 Kf7 49. Ke4 Ke6 50. Kd4 Qd5+ 51. Kc3 Ke5 52. Kc2 Ke4 0-1

[Event "Sautron op (Women)"]
[Site "Sautron"]
[Date "2013.05.10"]
[Round "5"]
[White "Compere, Nathalie"]
[Black "Bernard, Justine"]
[Result "0-1"]
[WhiteElo "1050"]
[BlackElo "1300"]
[PlyCount "64"]
[EventDate "2013.05.08"]
[EventType "swiss"]
[EventRounds "6"]
[EventCountry "FRA"]
[SourceTitle "EXT 2014"]
[Source "ChessBase"]
[SourceDate "2013.11.20"]
[SourceVersion "1"]
[SourceVersionDate "2013.11.20"]
[SourceQuality "1"]

1. e4 e5 2. Nc3 Bc5 3. f4 d6 4. Nf3 Nc6 5. Bb5 Bg4 6. d3 a6 7. Bxc6+ bxc6 8. Bd2 Rb8 9. b3 Ne7 10. Qe2 Ng6 11. 0-0-0 0-0 12. h3 Bxf3 13. Qxf3 Bd4 14. Rhe1 a5 15. Be3 Bxc3 16. Re2 a4 17. bxa4 Rb7 18. Bd2 Bxd2+ 19. Rexd2 Nxf4 20. g3 Nxh3 21. Rh1 Qb8 22. Kd1 Ng5 23. Qh5 h6 24. Rdh2 Rb1+ 25. Ke2 Rxh1 26. Rxh1 Qb2 27. Kd2 Qxa2 28. g4 Qxa4 29. Rh2 Rb8 30. Rf2 Rb2 31. Rf1 Qxc2+ 32. Ke3 Qe2# 0-1